000 00384nam a2200157 a 4500
082 0 0 _a323.39710954
_bSHA1
100 _aShakir, Moin
245 _aMuslims in Free India
260 _aNew Delhi
_bKalamkar Prakashan
_c1972
300 _a156p
500 _aincludes index and biblioraphy
505 2 _aindex
650 _aMuslims-India-Politics
700 1 _aShakir, Moin
942 _cBK
999 _c5589
_d5589